| 000 | 00954nam0a22002411 4500 | ||
|---|---|---|---|
| 001 | rc\2854274 | ||
| 005 | 20250529205126.0 | ||
| 035 | _a(NLR Aleph) 007008981 | ||
| 090 |
_a5795127 _c5795127 |
||
| 100 | _a20110707d1928 |||y0rusy50 ca | ||
| 101 | 0 | _arus | |
| 102 | _aRU | ||
| 105 | _ay z ||||| | ||
| 200 | 1 |
_aСтенографический отчет _fПроф. союз советских и торг. служащих СССР. Седьмой съезд Союза. (10-18 мая 1927 г.) |
|
| 210 |
_aМосква _cЦК ССТС _d1928 _gтип. Всерос. кооп. изд. союза "Книгосоюз" |
||
| 215 |
_aVI, (3-342), [2] с. _d26х18 см |
||
| 300 | _aВ переплете-папке | ||
| 710 | 0 | 2 |
_aСоюз советских и торговых служащих СССР _bСъезд _d7 _eМосква _f1927 |
| 801 | 0 |
_aRU _bNLR _gpsbo |
|
| 801 | 1 |
_aRU _bELAR _2rusmarc |
|
| 852 |
_aNLR _j55/305 |
||
| 942 | _cBOOK | ||
| 980 | _aNB | ||